000 00481nam a2200193Ia 4500
003 OSt
005 20221002055050.0
006 a|||||r|||| 00| 0
007 ta
008 220930b |||||||| |||| 00| 0 eng d
024 _a71944
037 _cReference Collections
040 _aCRL
_cCRL
_beng
041 _2eng
_aeng
082 _aTk, E1.1(RR)
245 0 _aCyclopedia of education
942 _hTk, E1.1(RR)
_cref
_2CC
999 _c926687
_d926687